000 00325nam a2200145Ia 4500
003 OSt
008 191201s2013 xx 000 0 und d
100 _aJAGADEESH, TR
245 0 _aDesign of Bridges Structures
250 _a10th
260 _aN. Delhi
_bPHI
_c2013
300 _a342
650 _aB.Tech(CE)
942 _2ddc
_cBK
999 _c5868
_d5868